Organizational behaviour : An experiential approach
| Main Author: | |
|---|---|
| Format: | Book |
| Published: |
New Jersey :
Prentice - Hall ,
1995
|
| Edition: | 6th ed |
| Subjects: |
MARC
| LEADER | 00000cam a2200000 7i4500 | ||
|---|---|---|---|
| 001 | 0000003105 | ||
| 005 | 20050419.0 | ||
| 020 | |a 013151010x | ||
| 040 | |a INS | ||
| 090 | 0 | 0 | |a HF5548.8 |b K55 1995 |
| 100 | 1 | |a Kolb, David A. | |
| 245 | 1 | 0 | |a Organizational behaviour : |b An experiential approach |c David A. Kolb |
| 250 | |a 6th ed | ||
| 260 | |a New Jersey : |b Prentice - Hall , |c 1995 | ||
| 300 | |a 646p ; |c 27cm. | ||
| 650 | 0 | 0 | |a Organizational behaviour |
| 650 | 0 | 0 | |a Psychology, Industrial |
| 999 | |a 0000006092 |b BOOK |c Open Shelf |e Default branch | ||